000 01397nab a2200217 i 4500
001 768714001
003 CO-MdFUSB
005 20240510122104.0
008 240509t1970 sp ||||| |||| 00| 0 spa d
040 _bspa
_cCO-MdFUSB
_dCO-MdFUSB
041 _aspa
100 _aExeler, Adolf,
_eautor
245 1 _aCatequesis y pedagogía :
_bla unidad entre experiencia de la fe y existencia humana
_c/ Adolf Exeler
520 _aLa Palabra de Dios no se puede agregar a la serie de medios educativos. Karl Barth lo ha expresado así: "La gran perturbación no consiste en poner remedio: afecta a los santos y a los puercos." Por el contrario, afecta a la persona en todas las condiciones que crea, incluidas sus tareas pedagógicas. Karl Barth lo ha expresado así: "La gran perturbación no consiste en poner remedio: afecta a los santos y a los puercos." Considerando que durante mucho tiempo, especialmente bajo la influencia de la teología dialéctica, muchos teólogos se resistieron y con buenas razones a una "Pedagogía de la Fe".
650 7 _aTeología pastoral
_9227
650 7 _aFe
_9531
653 _aImperativos para la catequesis del futuro
773 0 _049450
_982616
_oR2543
_tRevista internacional de teología Concilium
_w(CO-MdFUSB)8
_x0210-1041
_gNúmero 53, (marzo, 1970), páginas: 351 - 359
_qpágina: 351
942 _cANA
945 _aCatherine Arias Alvarez - Practicante SENA
999 _c69667
_d69667